000 00656nam a22001937a 4500
999 _c170160
_d170160
005 20191211154153.0
010 _aA-442817
020 _c50.00
_a-
035 _aA-442817
037 _bBPPD
082 _a270.33
100 _aنظا م ا لد ين ا و لياء محبو ب الہی
245 _aسير ت نظا می
_cنظا م ا لد ين ا و لياء محبو ب الہی
246 _aSirat-e-Nazami (Urdu)
_bNizamuddin Aulia Mehboob-e-Ilahi
260 _aN.Delhi
_c1990 ء
_bRoohani Markaz
270 _aDargah Nizamuddin Aolia
_bN.Delhi
_k-
_e-
300 _a242 ص
_c22 cm(hb)
942 _2ddc
_cUR
_h270.33
_mن ظ ا